| 000 | 00374nam a2200157Ia 4500 | ||
|---|---|---|---|
| 008 | 150301s2010 xx 000 0 und d | ||
| 020 | _a9789380704739 | ||
| 082 |
_a618.1 _bM10T |
||
| 100 | _aTRIVEDI, S.S. | ||
| 245 | _aMANAGEMENT OF HIGH- RISK PREGNANCY | ||
| 250 | _a1ST | ||
| 260 |
_bJAYPEE _aDELHI _c2010 |
||
| 300 | _a578 | ||
| 650 | _aOBST. & GYNE | ||
| 942 |
_2ddc _cBK |
||
| 999 |
_c6761 _d6761 |
||